000 00284nam a2200121Ia 4500
008 221102s9999 xx 000 0 und d
041 _aeng
082 _bSub
100 _aSubhash Bisaria
_994896
245 _aAs You Like it
250 _a9
260 _bRama Brothers
_c1905-07-03
999 _c82033
_d82033